Les meilleurs passeurs de l’équipe de France 🇫🇷 - Statistiques

Statistiques générales
  • Ce quiz a été pris 251 fois
  • Le résultat moyen est 7 sur 10
Statistiques - réponses
Nombres de passes décisives Réponse % Correct
28 Griezmann
98%
26 Zidane
96%
18 Mbappé
92%
27 Henry
90%
20 Platini
86%
17 Benzema
77%
17 Ribéry
64%
20 Djorkaeff
55%
20 Kopa
39%
18 Wiltord
31%
Aucun quiz correspondant
Distribution des résultats
% des personnes avec chaque résultat
Percentile par nombre de réponses
Votre historique - résultats
Vous n’avez pas pris ce quiz